Nizozemští mistři : ze sbírek roudnického zámku : [katalog výstavy], Roudnice nad Labem, duben-květen 1968 /

Další autoři: Saxl, Miloš, 1921-1992, Suchomel, Miloš, 1930-2014
Jazyk: Čeština
Vydáno: Roudnice nad Labem : Galerie výtvarného umění, 1968
Fyzický popis: 16 s. ; příč. 12°
Knihy
Uloženo v:
LEADER 01072nam a22002412a 4500
001 000799754
003 CZ BrMZK
005 20180320142207.0
007 ta
008 051130s1968 xr a er|||||||||||cze d
015 |a cnb000448639 
035 |a (OCoLC)42115324 
040 |a ABA001  |b cze  |c PNA001  |d ABA001  |d BOA001 
080 9 |a 75(492)(069)+727.7(437.1 Roudnice n. L.)(091) 
245 0 0 |a Nizozemští mistři :  |b ze sbírek roudnického zámku : [katalog výstavy], Roudnice nad Labem, duben-květen 1968 /  |c texty: Miloš Suchomel a Miloš Saxl ; snímky: Ivan Nikolov a M. Saxl 
260 |a Roudnice nad Labem :  |b Galerie výtvarného umění,  |c 1968 
300 |a 16 s. ;  |c příč. 12° 
700 1 |a Saxl, Miloš,  |d 1921-1992  |7 jk01110443  |4 wfw  |4 pht 
700 1 |a Suchomel, Miloš,  |d 1930-2014  |7 jk01121718  |4 wfw 
910 |a BOA001  |b PK-A-0011.514  |b X-0598.975 
990 |a BK 
996 6 |b 2618926708  |c X-0598.975  |l MZK  |r Sklad / do 24 hodin  |n 0  |w 000799754  |u 000020  |a 1  |e BOA001  |j MZK50  |s P 
996 6 |b BC-248828  |c PK-A-0011.514  |l MZK  |r Sklad / do 1 hodiny  |n 0  |w 000799754  |u 000010  |a 1  |e BOA001  |j MZK50  |s P